An Englishman looks at the Torrens system (being some provocative essays on the operation of the system after one hundred years) (Record no. 87086)

MARC details
000 -LEADER
fixed length control field 00531cam a2200181 4500
001 - CONTROL NUMBER
control field D8474
008 - FIXED-LENGTH DATA ELEMENTS--GENERAL INFORMATION
fixed length control field 090401t1957 xxu||||| |||| 00| 0 eng d
035 ## - SYSTEM CONTROL NUMBER
System control number (Sirsi) u13328
041 ## - LANGUAGE CODE
Language code of text/sound track or separate title eng
050 ## - LIBRARY OF CONGRESS CALL NUMBER
Classification number 346.940438
100 ## - MAIN ENTRY--PERSONAL NAME
Personal name Ruoff, Theodore Burton Fox
245 #3 - TITLE STATEMENT
Title An Englishman looks at the Torrens system (being some provocative essays on the operation of the system after one hundred years)
260 ## - PUBLICATION, DISTRIBUTION, ETC.
Place of publication, distribution, etc. Sydney
Name of publisher, distributor, etc. Law Book Co
Date of publication, distribution, etc. 1957
300 ## - PHYSICAL DESCRIPTION
Extent ix. 106p. 22cm
350 ## - PRICE (NR) (BK AM CF MU VM SE) [OBSOLETE]
Price 1.25
942 ## - ADDED ENTRY ELEMENTS (KOHA)
Suppress in OPAC 0
948 ## - LOCAL PROCESSING INFORMATION (OCLC); SERIES PART DESIGNATOR (RLIN)
c (OCLC) 04/03/1997
Holdings
Withdrawn status Lost status Source of classification or shelving scheme Damaged status Not for loan Home library Current library Shelving location Date acquired Cost, normal purchase price Total Checkouts Full call number Barcode Date last seen Copy number Cost, replacement price Price effective from Koha item type
    Dewey Decimal Classification     London London Basement 14/09/1999 1.25   BASEMENT 30007382 06/08/2019 1 1.25 06/08/2019 Book